Designing interiors with tile : (Record no. 608060)

000 -LEADER
fixed length control field 01519cam a22003737a 4500
001 - CONTROL NUMBER
control field 14536525
003 - CONTROL NUMBER IDENTIFIER
control field OSt
005 - DATE AND TIME OF LATEST TRANSACTION
control field 20240223094154.0
008 - FIXED-LENGTH DATA ELEMENTS--GENERAL INFORMATION
fixed length control field 060906r20062000maua 000 0 eng
010 ## - LIBRARY OF CONGRESS CONTROL NUMBER
LC control number 2006282522
015 ## - NATIONAL BIBLIOGRAPHY NUMBER
National bibliography number GBA617294
Source bnb
016 7# - NATIONAL BIBLIOGRAPHIC AGENCY CONTROL NUMBER
Record control number 013386839
Source Uk
020 ## - INTERNATIONAL STANDARD BOOK NUMBER
International Standard Book Number 1592532357 (pbk.)
020 ## - INTERNATIONAL STANDARD BOOK NUMBER
International Standard Book Number 9781592532353
035 ## - SYSTEM CONTROL NUMBER
System control number (OCoLC)ocm63186668
040 ## - CATALOGING SOURCE
Original cataloging agency UKM
Transcribing agency UKM
Modifying agency BAKER
-- QBX
-- DLC
042 ## - AUTHENTICATION CODE
Authentication code lccopycat
050 00 - LIBRARY OF CONGRESS CALL NUMBER
Classification number NK2115.5.T54
Item number K37 2006
082 00 - DEWEY DECIMAL CLASSIFICATION NUMBER
Classification number 747.9
Edition number 22
Author Mark KAS
100 1# - MAIN ENTRY--PERSONAL NAME
Personal name Kasabian, Anna.
9 (RLIN) 121179
245 10 - TITLE STATEMENT
Title Designing interiors with tile :
Remainder of title creative ideas with ceramic, stone, and mosaic /
Statement of responsibility, etc. Anna Kasabian with Julie Goodman ; projects by Andrew Karre.
260 ## - PUBLICATION, DISTRIBUTION, ETC.
Place of publication, distribution, etc. Gloucester, Mass. :
Name of publisher, distributor, etc. Quarry Books,
Date of publication, distribution, etc. 2006.
300 ## - PHYSICAL DESCRIPTION
Extent 176 p. :
Other physical details col. ill. ;
Dimensions 28 cm.
500 ## - GENERAL NOTE
General note Originally published: Gloucester, Mass.: Rockport, 2000.
650 #0 - SUBJECT ADDED ENTRY--TOPICAL TERM
Topical term or geographic name entry element Tiles in interior decoration.
9 (RLIN) 121180
700 1# - ADDED ENTRY--PERSONAL NAME
Personal name Goodman, Julie.
9 (RLIN) 121181
856 42 - ELECTRONIC LOCATION AND ACCESS
Materials specified Publisher description
Uniform Resource Identifier <a href="http://www.loc.gov/catdir/enhancements/fy0668/2006282522-d.html">http://www.loc.gov/catdir/enhancements/fy0668/2006282522-d.html</a>
856 42 - ELECTRONIC LOCATION AND ACCESS
Materials specified Contributor biographical information
Uniform Resource Identifier <a href="http://www.loc.gov/catdir/enhancements/fy0737/2006282522-b.html">http://www.loc.gov/catdir/enhancements/fy0737/2006282522-b.html</a>
906 ## - LOCAL DATA ELEMENT F, LDF (RLIN)
a 7
b cbc
c copycat
d 2
e ncip
f 20
g y-gencatlg
942 ## - ADDED ENTRY ELEMENTS (KOHA)
Source of classification or shelving scheme
Koha item type Reference
Holdings
Withdrawn status Lost status Source of classification or shelving scheme Damaged status Not for loan Permanent Location Current Location Date acquired Source of acquisition Full call number Barcode Date last seen Cost, replacement price Price effective from Koha item type
          School of Art Design and Architecture (SADA) School of Art Design and Architecture (SADA) 03/13/2017 Donation 747.9 KAS 2006 SADAD0000181 02/23/2024 1565.56 02/23/2024 Book
© 2023 Central Library, National University of Sciences and Technology. All Rights Reserved.